[Event "Mittelfranken-chTB2b 0809"]
[Site "Mittelfranken"]
[Date "2009.01.25"]
[Round "5.8"]
[White "Harrer, Richard"]
[Black "Bonaventura, Stefan"]
[Result "1/2-1/2"]
[WhiteElo "1648"]
[BlackElo "1594"]
[PlyCount "56"]
[EventDate "2008.10.12"]
[EventType "team"]
[EventRounds "9"]
[EventCountry "GER"]
[SourceTitle "EXT 2011"]
[Source "ChessBase"]
[SourceDate "2010.11.26"]
[SourceVersion "1"]
[SourceVersionDate "2010.11.26"]
[SourceQuality "1"]
[WhiteTeam "Heideck/Hilpoltstein"]
[BlackTeam "Buechenbach/Roth II"]
[WhiteTeamCountry "GER"]
[BlackTeamCountry "GER"]

1. c4 e6 2. Nc3 Nf6 3. e4 Nc6 4. d4 d6 5. f3 Be7 6. Be3 0-0 7. Qd2 a6 8. Nge2 Nd7 9. g4 Bh4+ 10. Ng3 Qf6 11. Be2 e5 12. Nd5 Qd8 13. 0-0-0 Nb6 14. Nf5 Bxf5 15. gxf5 Nxd5 16. cxd5 Nxd4 17. Rhg1 Bf6 18. Bh6 Kh8 19. Be3 Rc8 20. Kb1 c6 21. dxc6 Rxc6 22. Bxd4 exd4 23. Rc1 Qb6 24. Bd3 Rfc8 25. Rxc6 bxc6 26. Rg2 c5 27. Bc4 Qa7 28. Qa5 Rc6 1/2-1/2